000 00969nam a2200229Ia 4500
999 _c40993
_d40993
001 7641
003 GE_BSU
005 20240122141718.0
008 181216s1965||||ge |||||||||||||| ||geo||
040 _cGE_BSU
041 _ageo
080 _a821.353.1-31 დ–74
100 _aდონჟაშვილი, თინა
_920879
245 _aალაზანზე :
_bრომანი /
_cთინა დონჟაშვილი ; რედ. რ. მარგიანი ; მხატვ. თ. კარბელაშვილი.
264 _aთბილისი :
_bლიტერატურა და ხელოვნება,
_c1965.
300 _a543 გვ. ;
_c20 სმ.
653 _aალაზანზე
653 _aრომანი
700 _aმარგიანი, რ.
_eრედაქტორი
_93672
700 _aარბელაშვილი, თ.
_eმხატვარი
_921081
942 _cBK
_2udc